000 00686nam a2200193 4500
999 _c16729
_d16729
008 220315b ||||| |||| 00| 0 eng d
020 _a9781265672003
082 _22022
_aDC 658.1511
_bB758
100 _aBrewer, Peter C.
_944729
245 _aIntroduction to managerial accounting /
_cPeter C. Brewer, Ray H. Garrison and Eric W. Noreen.
250 _a9th edition.
260 _aNew York :
_bMcGraw Hill ,
_c©2022.
300 _axxx, 722 pages :
_bcolor illustrations ;
_c27 cm.
500 _aIncludes index.
650 _aManagerial accounting
_xTextbooks.
_944730
700 _aGarrison, Ray H.
_eauthor.
_944731
700 _aNoreen, Eric W.
_eauthor.
_944732
942 _2ddc
_cDC